Cleethorpes BC v M G Carbon (UK) Ltd (Record no. 21026)

MARC details
000 -LEADER
fixed length control field 00901cab a2200205 4500
001 - CONTROL NUMBER
control field X3584
008 - FIXED-LENGTH DATA ELEMENTS--GENERAL INFORMATION
fixed length control field 090401t1996 xxu||||| |||| 00| 0 eng d
035 ## - SYSTEM CONTROL NUMBER
System control number (Sirsi) u31304
041 ## - LANGUAGE CODE
Language code of text/sound track or separate title eng
245 ## - TITLE STATEMENT
Title Cleethorpes BC v M G Carbon (UK) Ltd
260 ## - PUBLICATION, DISTRIBUTION, ETC.
Date of publication, distribution, etc. 1996
350 ## - PRICE (NR) (BK AM CF MU VM SE) [OBSOLETE]
Price 0
490 ## - SERIES STATEMENT
Series statement Planning Appeal Decisions
Volume/sequential designation 1996 11 PAD 467-473(6)
520 ## - SUMMARY, ETC.
Summary, etc. Refusal to vary condition in authorisation. Loading and unloading of coal. Permanent wind-reducing barrier. Dust emissions. Trees, bunds and fences. Water controls of dust. Dusts in nearby residential areas. Effects on nearby enterprises. Minimisation of offence to any of mans`s senses. Costst of wind barriers. REeised scheme to be submitted and completed within timee period. (ABSTRACT FROM JOURNAL)
650 ## - SUBJECT ADDED ENTRY--TOPICAL TERM
Topical term or geographic name entry element COAL
650 ## - SUBJECT ADDED ENTRY--TOPICAL TERM
Topical term or geographic name entry element DUST EMISSION
690 ## - LOCAL SUBJECT ADDED ENTRY--TOPICAL TERM (OCLC, RLIN)
Topical term or geographic name as entry element ENVIRONMENTAL AND LAND CONSULTANCY
942 ## - ADDED ENTRY ELEMENTS (KOHA)
Suppress in OPAC 0
948 ## - LOCAL PROCESSING INFORMATION (OCLC); SERIES PART DESIGNATOR (RLIN)
c (OCLC) 04/03/1997
Holdings
Withdrawn status Lost status Source of classification or shelving scheme Damaged status Not for loan Home library Current library Shelving location Date acquired Total Checkouts Full call number Barcode Date last seen Copy number Price effective from Koha item type
    Dewey Decimal Classification     London London Journal article 14/09/1999   X3584 31304-1001 06/08/2019 1 06/08/2019 Law report